[Event "Portugal Open 2019"]
[Site "Lisbon"]
[Date "2019.02.02"]
[Round "1.26"]
[White "Casagrande, Federico"]
[Black "Rajesh, V A V"]
[Result "0-1"]
[WhiteElo "1911"]
[BlackElo "2406"]
[Annotator "RC"]
[PlyCount "140"]
[EventDate "2019.01.25"]
[EventType "swiss"]
[EventCountry "POR"]
[SourceTitle "playchess.com"]
[Source "ChessBase"]
[SourceQuality "1"]
[TimeControl "5400+30"]

1. d4 {[%emt 0:01:05]} Nf6 {[%emt 0:00:00]} 2. c4 {[%emt 0:00:05]} g6 {[%emt 0:00:00]} 3. Nf3 {[%emt 0:00:09]} Bg7 {[%emt 0:00:00]} 4. Nc3 {[%emt 0:00:05]} d5 {[%emt 0:00:01]} 5. g3 {[%emt 0:02:49]} O-O {[%emt 0:00:39]} 6. Bg2 {[%emt 0:00:28]} c6 {[%emt 0:05:25]} 7. cxd5 {[%emt 0:09:44]} cxd5 {[%emt 0:00:06]} 8. O-O {[%emt 0:00:27]} Ne4 {[%emt 0:01:08]} 9. Qb3 {[%emt 0:03:08]} Nc6 {[%emt 0:03:40]} 10. Rd1 {[%emt 0:02:15]} e6 {[%emt 0:00:21]} 11. Bf4 {[%emt 0:10:39]} g5 {[%emt 0:07:21]} 12. Nxe4 {[%emt 0:07:10]} gxf4 {[%emt 0:00:07]} 13. Nc3 {[%emt 0:03:56]} fxg3 {[%emt 0:00:26]} 14. hxg3 {[%emt 0:00:07]} f5 {[%emt 0:00:26]} 15. e3 {[%emt 0:11:26]} Qe7 {[%emt 0:03:23]} 16. Ne2 Bd7 {[%emt 0:01:58]} 17. Rac1 {[%emt 0:05:47]} Na5 {[%emt 0:02:04]} 18. Qc3 {[%emt 0:07:29]} b6 {[%emt 0:01:52]} 19. b3 {[%emt 0:03:09]} Rac8 {[%emt 0:00:45]} 20. Qb2 {[%emt 0:01:21]} Nc6 {[%emt 0:02:38]} 21. Rd3 {[%emt 0:02:37]} Rfd8 {[%emt 0:03:44]} 22. Nf4 {[%emt 0:01:32]} Bf8 {[%emt 0:01:54]} 23. Rdc3 {[%emt 0:01:21]} Qa3 {[%emt 0:02:11]} 24. Qe2 {[%emt 0:02:53]} Qe7 {[%emt 0:05:12]} 25. Nh4 {[%emt 0:05:33]} Qf7 {[%emt 0:05:45]} 26. Qh5 {[%emt 0:02:48]} Qxh5 {[%emt 0:05:03]} 27. Nxh5 {[%emt 0:00:02]} Ba3 {[%emt 0:01:16]} 28. Rb1 {[%emt 0:06:06]} Nb4 {[%emt 0:04:29]} 29. Rxc8 {[%emt 0:00:15]} Bxc8 {[%emt 0:00:03]} 30. Nf3 {[%emt 0:03:08]} h6 {[%emt 0:06:44]} 31. Ne5 {[%emt 0:01:15]} Kf8 {[%emt 0:01:29]} 32. Bf1 {[%emt 0:02:41]} Bd7 {[%emt 0:00:45]} 33. Kg2 {[%emt 0:01:05]} Ke7 {[%emt 0:01:33]} 34. Nxd7 {[%emt 0:02:44]} Rxd7 {[%emt 0:00:31]} 35. Bb5 {[%emt 0:00:14]} Rc7 {[%emt 0:00:31]} 36. Nf4 {[%emt 0:00:33]} Nxa2 {[%emt 0:01:09]} 37. Rh1 {[%emt 0:00:33]} Bd6 {[%emt 0:00:20]} 38. Rxh6 {[%emt 0:00:10]} Bxf4 {[%emt 0:00:06]} 39. gxf4 {[%emt 0:00:08]} Nc1 {[%emt 0:01:31]} 40. b4 {[%emt 0:01:07]} Na2 {[%emt 0:00:18]} 41. Kg3 {[%emt 0:00:09]} Nxb4 {[%emt 0:00:10]} 42. Kh4 {[%emt 0:00:33]} a6 {[%emt 0:00:21]} 43. Bf1 {[%emt 0:00:40]} b5 {[%emt 0:01:54]} 44. Kg5 {[%emt 0:00:27]} Nc6 {[%emt 0:02:09]} 45. Rh7+ {[%emt 0:00:38]} Kd6 {[%emt 0:00:07]} 46. Rh8 {[%emt 0:00:03]} Rg7+ {[%emt 0:00:54]} 47. Kf6 {[%emt 0:00:29]} Rg1 {[%emt 0:00:07]} 48. Bd3 {[%emt 0:00:32]} Rd1 {[%emt 0:00:20]} 49. Bc2 {[%emt 0:00:35]} Rd2 {[%emt 0:01:30]} 50. Bb1 {[%emt 0:00:02]} Rb2 {[%emt 0:00:08]} 51. Bd3 {[%emt 0:00:06]} Nb4 {[%emt 0:00:42]} 52. Bf1 {[%emt 0:02:44]} Rxf2 {[%emt 0:00:06]} 53. Bxb5 {[%emt 0:00:03]} axb5 {[%emt 0:00:09]} 54. Rb8 {[%emt 0:00:03]} Nc6 {[%emt 0:00:27]} 55. Rxb5 {[%emt 0:00:11]} Rh2 {[%emt 0:00:07]} 56. Rb1 {[%emt 0:00:37]} Rh6+ {[%emt 0:00:08]} 57. Kg5 {[%emt 0:00:06]} Rh3 {[%emt 0:00:07]} 58. Re1 {[%emt 0:00:32]} Ke7 {[%emt 0:00:05]} 59. Kg6 {[%emt 0:00:25]} Rg3+ {[%emt 0:00:06]} 60. Kh5 {[%emt 0:00:08]} Kf6 {[%emt 0:00:11]} 61. Kh4 {[%emt 0:00:07]} Rg4+ {[%emt 0:00:36]} 62. Kh3 {[%emt 0:00:08]} Nd8 {[%emt 0:00:24]} 63. Rb1 {[%emt 0:00:18]} Nf7 {[%emt 0:00:06]} 64. Rb6 {[%emt 0:00:15]} Rg1 {[%emt 0:00:05]} 65. Kh2 {[%emt 0:00:33]} Re1 {[%emt 0:00:04]} 66. Rb3 {[%emt 0:00:10]} Nh6 {[%emt 0:00:07]} 67. Kg3 {[%emt 0:00:05]} Ng4 {[%emt 0:00:38]} 68. Kf3 {[%emt 0:00:08]} Kg6 {[%emt 0:00:05]} 69. Ra3 {[%emt 0:00:05]} Kh5 {[%emt 0:00:06]} 70. Rb3 {[%emt 0:00:43]} Rxe3+ {[%emt 0:00:06]} 0-1

[Event "Portugal Open 2019"]
[Site "Lisbon"]
[Date "2019.02.02"]
[Round "1.27"]
[White "Haug, Johannes"]
[Black "Marques, Ricardo Taborda Tri"]
[Result "1-0"]
[WhiteElo "2403"]
[BlackElo "1911"]
[Annotator "TA"]
[PlyCount "85"]
[EventDate "2019.01.25"]
[EventType "swiss"]
[EventCountry "POR"]
[SourceTitle "playchess.com"]
[Source "ChessBase"]
[SourceQuality "1"]

{[%evp 16,84,41,4,8,21,29,6,41,27,45,44,44,33,20,26,52,1,48,38,103,102,97,96,94,96,110,109,154,104,180,170,181,117,187,191,211,141,113,115,118,91,91,91,217,186,242,228,203,199,214,217,218,214,334,324,356,331,371,368,383,382,431,427,389,107,29988,29989,29990,29991,29999]} 1. d4 Nf6 2. c4 g6 3. g3 Bg7 4. Bg2 d5 5. cxd5 Nxd5 6. Nf3 O-O $146 ({Predecessor:} 6... Nb6 7. e4 O-O 8. O-O Bg4 9. d5 Qd7 10. Nc3 {0-1 (52) Grabarczyk,M (2484)-Kempinski,R (2570) Warsaw 2002}) 7. O-O Nb6 8. Nc3 Na6 {[%cal Bb8a6,Ba6c5,Bc5a4,Ba4c3][%mdl 32]} 9. e4 Bg4 {D74: Fianchetto Grünfeld: Main Line (5 Nf3 0-0 6 cxd5 Nxd5 7 0-0)} 10. d5 Qd7 11. Qb3 Nc5 {The position is equal.} ({Predecessor:} 11... c5 12. a4 Qc8 13. Bg5 Re8 14. Nd2 Bh3 15. Bxh3 Qxh3 16. a5 {0-1 (52) Grabarczyk,M (2484)-Kempinski,R (2570) Warsaw 2002}) 12. Qc2 Bxc3 13. bxc3 Qa4 14. Nd4 Qxc2 15. Nxc2 Nca4 16. Nd4 (16. Bh6 $14) 16... Nxc3 (16... e5 $5 {[%cal Re5d4]}) 17. Ba3 Rac8 ({Black should try} 17... Rfe8 $14) 18. Rfc1 $36 {[%mdl 2048] White is really pushing.} Ne2+ 19. Nxe2 Bxe2 20. Bxe7 Rfe8 21. Bf6 Bb5 22. Bd4 Nc4 (22... c6 $16) 23. Rab1 Ba6 24. Rd1 ({Don't take} 24. Bxa7 $6 b6 $14) ({White should play} 24. Bf6 $18) 24... b6 (24... f5 $16) 25. Bf6 $18 Ne5 26. Bxe5 Rxe5 27. f4 Re7 28. Rbc1 Rd8 29. Rc3 c5 (29... Bb7 $16) 30. e5 Be2 (30... Bc8 {is a better defense.} 31. d6 Ree8) 31. Rd2 Bg4 32. d6 Ree8 33. Ra3 $1 a5 34. Rb3 Rb8 {[#]} (34... f6 {was called for.} 35. Bd5+ (35. Rxb6 fxe5 36. Bc6 Bd7 $16) (35. exf6 c4 $16) 35... Kf8) 35. Rdb2 $1 Be6 36. Rxb6 Rxb6 37. Rxb6 Bxa2 {[%mdl 4096] Endgame KRB-KRB} 38. Rc6 Rb8 39. Bh3 Kf8 40. d7 $2 (40. Ra6 $18) 40... Ke7 $2 {[%mdl 8192] [#]} (40... Rd8 $16 41. Rxc5 Ke7 42. Rxa5 Be6) 41. Rc8 $1 {[%csl Gc8][%cal Rd7d8] White mates.} Rb1+ 42. Kf2 {[%csl Gc8][%cal Rd7d8]} Rd1 43. Re8# {Accuracy: White = 55%, Black = 29%.} 1-0

[Event "Portugal Open 2019"]
[Site "Lisbon"]
[Date "2019.02.02"]
[Round "1.28"]
[White "Gentes Benito, Angel"]
[Black "Sukandar, Irine Kharisma"]
[Result "1/2-1/2"]
[WhiteElo "1907"]
[BlackElo "2397"]
[Annotator "TA"]
[PlyCount "175"]
[EventDate "2019.01.25"]
[EventType "swiss"]
[EventCountry "POR"]
[SourceTitle "playchess.com"]
[Source "ChessBase"]
[SourceQuality "1"]

{[%evp 16,175,16,27,27,30,44,44,36,43,35,19,18,20,29,35,60,-4,16,0,0,-19,-29,-44,-41,-34,-39,-75,-15,-79,-82,-72,-42,-38,0,0,0,0,0,-7,-8,-8,0,0,0,-41,-13,-14,-13,-12,-12,-206,-200,-166,-49,-152,-157,-158,-146,-151,-143,-133,-74,-74,-56,-57,-41,-42,-31,-36,-8,-8,0,0,0,-8,-8,-21,-10,-267,-265,-713,-713,-711,-615,-609,-570,-621,-422,-319,-81,-81,-81,-81,-81,-81,-81,-81,-83,-96,-9,-9,-9,-9,-9,-9,-8,-8,-8,-9,-9,-9,-9,-9,-9,-9,-9,-9,-9,-9,-9,-9,-9,-9,-9,-9,-9,-9,-9,-9,-9,-9,-9,-9,-9,-9,-9,-9,-9,-9,0,-9,-9,-9,-8,-8,-8,-9,-9,-9,-9,-9,-9,-9,-9,-9,-9,-9,-8,-8,-8,-9]} 1. e4 (1. Nf3 c5 {1-0 (41) Akopian,V (2656)-Savchenko,B (2607) Dubai 2016}) 1... c5 2. Nf3 Nc6 3. Bb5 d6 4. O-O Bd7 5. c3 Nf6 6. Re1 a6 7. Ba4 b5 (7... e5 8. d4 b5 {1-0 (41) Akopian,V (2656)-Savchenko,B (2607) Dubai 2016}) 8. Bc2 e5 9. d4 $146 ({Predecessor:} 9. h3 Be7 10. d4 cxd4 {1-0 (49) Gudat,A (2046)-Hespers,R (1768) Bad Sooden 2012}) 9... cxd4 {B51: Sicilian: Moscow Variation (3 Bb5+) without 3...Bd7} 10. cxd4 Be7 (10... Bg4 11. d5 Nd4 12. Nbd2 Nxc2 13. Qxc2 Be7 14. Qd3 Qa5 15. Nb3 Qa4 16. Bd2 a5 17. a3 {1-0 (41) Akopian,V (2656)-Savchenko,B (2607) Dubai 2016}) 11. h3 O-O {White is slightly better.} 12. Nc3 Rc8 13. Bg5 h6 14. Be3 ({Predecessor:} 14. Bh4 Ne8 15. Bxe7 Qxe7 16. Nd5 Qd8 17. Bb3 {1-0 (49) Gudat,A (2046)-Hespers,R (1768) Bad Sooden 2012}) 14... Re8 15. Rc1 Bf8 16. dxe5 ({Better is} 16. d5 $14 Ne7 17. Qd2) 16... Nxe5 (16... dxe5 {keeps more tension.} 17. Bb1 Na5 18. Nd2 Be6 19. a3 Nc6) 17. Nxe5 dxe5 18. Qf3 Bb4 19. Bb3 Qe7 20. Red1 Bxc3 $1 21. bxc3 Bc6 (21... Be6 $17) 22. Bd5 (22. c4 $11 {remains equal.}) 22... Bxd5 $17 23. exd5 Qd6 24. a4 Rc4 25. axb5 axb5 26. Rb1 Rb8 27. Rb3 Ne4 28. Bc1 Qg6 29. Ba3 Ng5 30. Qg3 Qc2 $36 {[%mdl 2048] Black fights for an advantage.} 31. Rdb1 Ne4 32. Qxe5 Qxf2+ 33. Kh2 $2 (33. Kh1 $11 Rd8 34. Rxb5) 33... Ra8 $19 34. Bc1 Nf6 ({Worse is} 34... Ra2 35. R3b2 $11) (34... f6 $19 35. Qf4 Qxf4+ 36. Bxf4 Nxc3) 35. Qg3 (35. Be3 $15 Qh4 36. g3) 35... Qxg3+ $17 36. Kxg3 Ne4+ 37. Kh2 Nxc3 38. R1b2 Kh7 (38... Rd8 $142 39. Bd2 Na4) 39. Bd2 Na4 40. Rb1 Rc2 41. Bb4 Nb6 {Hoping for ...Raa2.} 42. d6 Raa2 43. Rg3 f5 44. Rf1 $1 {[%cal Rf1f5]} (44. Bc3 $2 g5 $17) 44... g6 45. Re1 g5 $1 46. Re7+ Kg6 {[#] Strongly threatening ...f4.} 47. Re6+ $2 {[%mdl 8192]} (47. d7 $11 {and White has nothing to worry.} Nxd7 48. Rxd7) 47... Kh5 $19 48. Rf6 $2 (48. Kh1) 48... f4 49. Rg4 Nd7 50. Rf5 Rab2 51. Ba5 b4 52. Bd8 Kg6 $2 (52... Re2 $19 {has better winning chances.} 53. Bxg5 Kg6 54. Rfxf4 hxg5 55. Rxb4 Ne5) 53. Rfxf4 $17 {[#]} Rxg2+ $1 {[%mdl 512]} 54. Rxg2 Rxg2+ 55. Kxg2 gxf4 {[%mdl 4096] Endgame KB-KN} 56. Ba5 b3 57. Bc3 Kf5 ({Black should play} 57... Kf7 $17 {...Ke6 is the strong threat.} 58. Kf3 Nb6) 58. Kf3 $11 {The position is equal.} h5 59. h4 Nc5 60. Bd4 Ne6 61. Bc3 Kg6 62. d7 Kf7 63. d8=Q (63. d8=R $5 Nxd8 64. Kxf4 $11) 63... Nxd8 64. Kxf4 Kg6 65. Ke4 Ne6 66. Kd3 Nf4+ 67. Kc4 Ng2 68. Kxb3 Nxh4 {White must now prevent ...Nf3.} 69. Be5 Kf5 70. Bc7 Nf3 {aiming for ...h4.} 71. Kc3 Ke4 72. Bg3 Nd4 {( -> ...Ne2+)} 73. Bh4 Ne6 74. Kd2 Kf3 75. Ke1 Kg2 76. Be7 $1 Nd4 77. Bd8 Ne6 78. Be7 Nf4 79. Bd8 Nd3+ 80. Ke2 Ne5 81. Be7 Nf3 82. Bd8 Kg3 83. Kf1 Nd4 84. Kg1 Nc6 85. Bf6 Kg4 86. Kh2 Kf5 87. Bh4 Ne5 88. Bd8 {Accuracy: White = 56%, Black = 62%.} 1/2-1/2

[Event "Portugal Open 2019"]
[Site "Lisbon"]
[Date "2019.02.02"]
[Round "1.29"]
[White "Martin Duque, Jesus"]
[Black "Partoens, Remi"]
[Result "1/2-1/2"]
[WhiteElo "2393"]
[BlackElo "1904"]
[Annotator "TA"]
[PlyCount "45"]
[EventDate "2019.01.25"]
[EventType "swiss"]
[EventCountry "POR"]
[SourceTitle "playchess.com"]
[Source "ChessBase"]
[SourceQuality "1"]

{[%evp 9,45,37,60,40,52,47,51,54,56,21,40,47,47,26,39,29,36,29,33,29,32,29,47,51,56,40,44,48,47,35,44,40,39,30,48,-639,-638,-1512]} 1. e4 d5 2. exd5 Qxd5 3. Nc3 Qd6 4. d4 Nf6 ({Predecessor:} 4... c6 5. Nf3 {0-1 (51) Glisic,T (2075)-Zajic,M (1873) Paracin 2012}) 5. Nf3 c6 6. g3 {B01: Scandinavian Defence} Bg4 $146 (6... Bf5 7. Bg2 h6 8. O-O e6 9. Na4 Nbd7 10. Bf4 Qe7 11. c4 g5 12. Be3 Bg7 13. Qb3 Rb8 {1-0 (88) Grandelius,N (2655)-Andreikin,D (2723) Porto Carras 2018}) 7. Bg2 e6 8. O-O {White is slightly better.} Qc7 9. Qe1 Bxf3 10. Bxf3 Nbd7 ({Predecessor:} 10... Be7 11. Ne4 Nxe4 12. Qxe4 Nd7 13. c4 Nf6 {0-1 (51) Glisic,T (2075)-Zajic,M (1873) Paracin 2012}) 11. Bd2 Bd6 12. Ne4 Nxe4 13. Qxe4 Nf6 14. Qe2 O-O 15. c4 c5 16. dxc5 Bxc5 17. Bc3 Rad8 18. Rfd1 b6 19. Kg2 Rfe8 20. Rxd8 Rxd8 21. Rd1 Re8 22. Rd8 $2 {[%mdl 8192] [#]} (22. Be5 $14 Qc8 23. Qd2) 22... Rxd8 $19 23. Qd1 {[%mdl 32768] Accuracy: White = 53%, Black = 53%. . An unexpected result.} 1/2-1/2

[Event "Portugal Open 2019"]
[Site "Lisbon"]
[Date "2019.02.02"]
[Round "1.30"]
[White "Jorge, Rita Maria Osorio"]
[Black "Krishna Teja, N."]
[Result "1-0"]
[WhiteElo "1902"]
[BlackElo "2391"]
[Annotator "TA"]
[PlyCount "63"]
[EventDate "2019.01.25"]
[EventType "swiss"]
[EventCountry "POR"]
[SourceTitle "playchess.com"]
[Source "ChessBase"]
[SourceQuality "1"]

{[%evp 20,63,0,0,8,-10,0,0,-12,-9,31,0,0,0,16,11,18,8,6,14,20,0,33,34,126,127,157,30,24,24,48,20,373,222,493,197,204,197,333,312,316,288,1125,1097,29987,29987]} 1. e4 c6 2. d4 d5 3. Nd2 $146 (3. Nc3 dxe4 {0-1 (54) Zakhartsov,V (2486)-Dreev,A (2649) Moscow 2018}) ({Predecessor:} 3. Nc3 dxe4 {½-½ (37) El Arousy,A (2293)-Turov,M (2533) Dubai 2002}) 3... dxe4 4. Nxe4 Bf5 5. Ng3 Bg6 6. h4 (6. Nf3 e6 7. h4 h6 8. h5 {0-1 (54) Zakhartsov,V (2486)-Dreev,A (2649) Moscow 2018}) ({Predecessor:} 6. Nf3 Nf6 7. h4 h6 8. h5 Bh7 9. Bd3 Bxd3 10. Qxd3 {½-½ (37) El Arousy,A (2293)-Turov,M (2533) Dubai 2002}) 6... h6 7. h5 Bh7 8. Nf3 e6 9. Bd3 Bxd3 10. Qxd3 Nf6 11. Bf4 Qa5+ {B19: Classical Caro-Kann: 4...Bf5 main line} (11... Bd6 12. Ne5 Bxe5 13. Bxe5 Nbd7 14. Bf4 O-O 15. O-O-O Qa5 16. Kb1 Rfd8 17. Qf3 Qd5 18. Qxd5 cxd5 19. f3 Nb6 20. Bc7 Rdc8 21. Bxb6 axb6 {0-1 (54) Zakhartsov,V (2486)-Dreev,A (2649) Moscow 2018}) 12. Bd2 Bb4 13. Qb3 Bxd2+ {The position is equal.} 14. Nxd2 Qc7 ({Predecessor:} 14... Nbd7 15. O-O-O O-O 16. Nde4 Nxe4 17. Nxe4 Qd5 18. f3 b5 19. Kb1 {½-½ (37) El Arousy,A (2293)-Turov,M (2533) Dubai 2002}) 15. O-O-O Nbd7 16. Qa3 a6 17. Kb1 O-O-O 18. Nde4 {And now Nd6+ would win.} Nxe4 19. Nxe4 Nf6 20. Nc5 Rd5 21. c4 $1 {[%cal Rc4d5]} Rf5 ({Better is} 21... Rdd8 $14) 22. Rh3 $16 Ne8 {[#]} (22... Rxf2 $2 23. Rb3 $18) 23. Rb3 (23. d5 $1 $16) 23... Nd6 $11 24. Nxa6 bxa6 25. Qxa6+ Nb7 $2 {[%mdl 8192] [#]} (25... Kd7 $11 {and Black stays safe.} 26. c5 Qc8 27. Qa7+ Qc7 28. Qxc7+ Kxc7) 26. d5 $1 {[%mdl 512]} Rd8 $2 (26... exd5 27. cxd5 (27. Qa8+ Qb8 $14) 27... Rd8) (26... cxd5 27. cxd5) 27. d6 $2 $40 {[%mdl 128] White has strong attack.} (27. Rb6) 27... Rxd6 $18 28. Rxd6 Qxd6 (28... Ra5 $142 29. Qxb7+ Qxb7 30. Rxb7 Kxb7) 29. Qxb7+ Kd8 {[%cal Rd6d1]} 30. a3 {Hoping for Qa7.} Ra5 $2 (30... Qd4 31. f3 (31. Qxc6 Ke7 $16) 31... Rxh5) 31. Qxf7 {White threatens Qg8+ and mate.} Kc8 32. Qg8+ {Accuracy: White = 47%, Black = 20%.} 1-0

[Event "Portugal Open 2019"]
[Site "Lisbon"]
[Date "2019.02.02"]
[Round "1.31"]
[White "Kaasen, Tor Fredrik"]
[Black "Morais, Vitor"]
[Result "1-0"]
[WhiteElo "2387"]
[BlackElo "1898"]
[Annotator "NA RC"]
[PlyCount "93"]
[EventDate "2019.01.25"]
[EventType "swiss"]
[EventCountry "POR"]
[SourceTitle "playchess.com"]
[Source "ChessBase"]
[SourceQuality "1"]
[TimeControl "5400+30"]

1. c4 {[%emt 0:00:00]} c5 {[%emt 0:00:00]} 2. Nc3 {[%emt 0:00:12]} Nf6 {[%emt 0:00:00]} 3. Nf3 {[%emt 0:00:05]} d5 {[%emt 0:00:00]} 4. cxd5 {[%emt 0:01:33]} Nxd5 {[%emt 0:00:00]} 5. e4 {[%emt 0:03:20]} Nxc3 {[%emt 0:00:47]} 6. bxc3 {[%emt 0:00:43]} g6 {[%emt 0:00:14]} 7. d4 {[%emt 0:01:21]} Bg7 {[%emt 0:00:05]} 8. Be3 {[%emt 0:00:19]} O-O {[%emt 0:00:13]} 9. Be2 {[%emt 0:00:42]} Nc6 {[%emt 0:00:14]} 10. O-O {[%emt 0:02:49]} cxd4 {[%emt 0:00:10]} 11. cxd4 {[%emt 0:00:05]} Bg4 {[%emt 0:00:11]} 12. d5 {[%emt 0:00:34]} Na5 {[%emt 0:01:35]} 13. Bd4 {[%emt 0:04:09]} b6 {[%emt 0:00:10]} 14. Bxg7 {[%emt 0:01:43]} Kxg7 {[%emt 0:00:10]} 15. Qd4+ {[%emt 0:00:06]} Kg8 {[%emt 0:00:25]} 16. e5 {[%emt 0:01:08]} Bc8 {[%emt 0:02:20]} 17. Rad1 {[%emt 0:01:18]} Bb7 {[%emt 0:00:21]} 18. Rd2 {[%emt 0:02:50]} Rc8 {[%emt 0:00:10]} 19. Ng5 {[%emt 0:03:49]} h6 {[%emt 0:03:29]} 20. Ne4 {[%emt 0:02:40]} Kh7 {[%emt 0:00:12]} 21. h4 {[%emt 0:00:52]} f5 {[%emt 0:00:44]} 22. exf6 {[%emt 0:01:28]} exf6 {[%emt 0:00:10]} 23. h5 {[%emt 0:00:21]} f5 {[%emt 0:00:22]} 24. hxg6+ {[%emt 0:03:15]} Kxg6 {[%emt 0:00:08]} 25. Ng3 {[%emt 0:00:21]} Qf6 {[%emt 0:02:46]} 26. Qf4 {[%emt 0:03:07]} Rcd8 {[%emt 0:03:22]} 27. Nxf5 {[%emt 0:02:35]} Qg5 {[%emt 0:03:10]} 28. Qxg5+ {[%emt 0:03:30]} Kxg5 {[%emt 0:00:10]} 29. Ne3 {[%emt 0:00:13]} Rd6 {[%emt 0:00:58]} 30. g3 {[%emt 0:00:23]} Rfd8 {[%emt 0:03:12]} 31. f4+ {[%emt 0:00:32]} Kf6 {[%emt 0:00:28]} 32. Kf2 {[%emt 0:00:27]} a6 {[%emt 0:02:50]} 33. Rh1 {[%emt 0:01:31]} Rh8 {[%emt 0:00:23]} 34. Bf3 {[%emt 0:01:05]} b5 {[%emt 0:00:46]} 35. Rc2 {[%emt 0:00:39]} Rd7 {[%emt 0:00:43]} 36. Rh5 {[%emt 0:00:52]} Kg6 {[%emt 0:02:29]} 37. Be4+ {[%emt 0:01:44]} Kf7 {[%emt 0:01:22]} 38. Bf5 {[%emt 0:01:06]} Rd6 {[%emt 0:01:52]} 39. Rc7+ {[%emt 0:00:15]} Ke8 {[%emt 0:00:12]} 40. Be6 {[%emt 0:01:13]} Kd8 {[%emt 0:01:04]} 41. Rc1 {[%emt 0:00:23]} Rb6 {[%emt 0:01:47]} 42. g4 {[%emt 0:01:32]} Nc4 {[%emt 0:00:35]} 43. Nxc4 {[%emt 0:02:16]} bxc4 {[%emt 0:00:09]} 44. Rxc4 {[%emt 0:00:24]} Rb2+ {[%emt 0:00:11]} 45. Ke3 {[%emt 0:00:07]} Rxa2 {[%emt 0:00:17]} 46. Rb4 {[%emt 0:00:29]} Kc7 {[%emt 0:01:13]} 47. d6+ {[%emt 0:00:04]} 1-0

[Event "Portugal Open 2019"]
[Site "Lisbon"]
[Date "2019.02.02"]
[Round "1.32"]
[White "Takvorian, Richard"]
[Black "Carrasco Martinez, Juan M."]
[Result "0-1"]
[WhiteElo "1898"]
[BlackElo "2380"]
[Annotator "TA"]
[PlyCount "66"]
[EventDate "2019.01.25"]
[EventType "swiss"]
[EventCountry "POR"]
[SourceTitle "playchess.com"]
[Source "ChessBase"]
[SourceQuality "1"]

{[%evp 9,66,0,0,0,0,-33,-36,-30,-28,-30,-29,-67,-49,-60,-52,-54,-33,-102,-104,-92,-103,-104,-105,-196,-191,-199,-190,-226,-178,-290,-304,-354,-350,-355,-272,-349,-343,-366,-324,-365,-322,-566,-441,-435,-428,-492,-509,-602,-594,-550,-531,-5406,-5406,-5397,-5381,-5365,-2453,-1975,-1528]} 1. Nf3 $146 (1. d4 Nf6 {1-0 (35) Santos Latasa,J (2546)-Ermeni,A (2214) Lisbon 2018}) ({Predecessor:} 1. d4 Nf6 {½-½ (31) Kovacevic,P-Sivacki,M (2143) Belgrade 2008}) 1... Nf6 2. d4 c5 3. d5 g6 ({Predecessor:} 3... b5 4. Nc3 b4 5. Na4 d6 6. c4 {½-½ (31) Kovacevic,P-Sivacki,M (2143) Belgrade 2008}) 4. c4 b5 {[%cal Bb7b5,Bb5b4][%mdl 32]} 5. Nc3 b4 $1 {[%cal Rb4c3]} 6. Na4 {A57: Benko/Volga Gambit} (6. Nb1 d6 7. Nbd2 Bg7 8. e4 O-O 9. Bd3 a5 10. O-O e6 11. h3 e5 12. Re1 Nh5 13. Nf1 {1-0 (35) Santos Latasa,J (2546)-Ermeni,A (2214) Lisbon 2018}) 6... d6 7. b3 Bg7 8. Bb2 {Black is slightly better.} O-O ({Predecessor:} 8... Bd7 9. Nd2 {½-½ (31) Kovacevic,P-Sivacki,M (2143) Belgrade 2008}) 9. Nd2 Bd7 10. e4 ({Predecessor:} 10. Qc2 Qa5 11. g3 Bxa4 12. bxa4 {½-½ (31) Kovacevic,P-Sivacki,M (2143) Belgrade 2008}) 10... Bxa4 11. bxa4 Nbd7 12. Bd3 Re8 13. O-O {[#]} (13. Rb1 $15) 13... Nxe4 $1 $17 {[%mdl 576] Discovered Attack} 14. Bxg7 {aiming for Bb2.} (14. Nxe4 Bxb2) 14... Nxd2 15. Qxd2 {Strongly threatening Bb2.} Kxg7 16. Bc2 (16. f4 $17 {is a better defense.}) 16... e5 $19 17. dxe6 Rxe6 18. Bb3 Qf6 19. Rfe1 (19. a5 $142) 19... Rae8 20. Rad1 Rxe1+ 21. Rxe1 Rxe1+ 22. Qxe1 Qd4 23. h3 Ne5 24. Qc1 h6 25. Qc2 $2 (25. Qe3 {might work better.}) 25... a5 {Black is clearly winning.} 26. Qe2 Nd3 27. Qc2 Qa1+ 28. Qd1 Qxd1+ 29. Bxd1 Nc1 30. Bb3 Nxb3 31. axb3 {[#]} d5 $1 {[%mdl 512]} 32. cxd5 {[#]} c4 $1 {[%mdl 512]} 33. d6 (33. bxc4 b3) 33... Kf6 {Accuracy: White = 16%, Black = 86%.} 0-1

[Event "Portugal Open 2019"]
[Site "Lisbon"]
[Date "2019.02.02"]
[Round "1.33"]
[White "Low, Zhen Yu Cyrus"]
[Black "Mabille, Natacha"]
[Result "1-0"]
[WhiteElo "2377"]
[BlackElo "1896"]
[Annotator "NA RC"]
[PlyCount "43"]
[EventDate "2019.01.25"]
[EventType "swiss"]
[EventCountry "POR"]
[SourceTitle "playchess.com"]
[Source "ChessBase"]
[SourceQuality "1"]
[TimeControl "5400+30"]

1. e4 {[%emt 0:00:00]} e5 {[%emt 0:00:00]} 2. Nf3 {[%emt 0:00:00]} Nc6 {[%emt 0:00:15]} 3. Bc4 {[%emt 0:00:00]} Bc5 {[%emt 0:01:53]} 4. O-O {[%emt 0:00:04]} Nf6 {[%emt 0:00:21]} 5. d3 {[%emt 0:00:05]} d6 {[%emt 0:00:40]} 6. c3 {[%emt 0:00:09]} Bg4 {[%emt 0:03:43]} 7. Nbd2 {[%emt 0:00:32]} O-O {[%emt 0:01:49]} 8. Re1 {[%emt 0:00:33]} a6 {[%emt 0:02:21]} 9. Bb3 {[%emt 0:00:06]} Ba7 10. Nf1 {[%emt 0:01:09]} Be6 {[%emt 0:11:27]} 11. Bc2 {[%emt 0:01:10]} Ng4 {[%emt 0:03:39]} 12. d4 {[%emt 0:11:59]} Bd7 {[%emt 0:44:43]} 13. h3 {[%emt 0:01:13]} Nf6 {[%emt 0:01:06]} 14. Ng3 {[%emt 0:01:16]} Re8 {[%emt 0:04:10]} 15. Be3 {[%emt 0:01:39]} Qe7 {[%emt 0:09:42]} 16. Qd2 {[%emt 0:02:20]} Qf8 {[%emt 0:03:11]} 17. Bg5 {[%emt 0:01:00]} Kh8 {[%emt 0:04:18]} 18. Bxf6 {[%emt 0:01:53]} gxf6 {[%emt 0:00:06]} 19. Nh5 {[%emt 0:00:12]} Qe7 {[%emt 0:00:26]} 20. Qh6 {[%emt 0:01:04]} Rg8 {[%emt 0:00:05]} 21. Nxf6 {[%emt 0:01:00]} Rg7 {[%emt 0:00:08]} 22. Ng5 {[%emt 0:00:13]} 1-0